Resident Evil Characters Quiz - Statistics

General Stats
  • This quiz has been taken 137 times
    135 since last reset
  • The average score is 41 of 127
Answer Stats
Resident Evil % Correct
Leon S Kennedy
99%
Chris Redfield
95%
Claire Redfield
94%
Jill Valetine
94%
Albert Wesker
92%
Ada Wong
84%
Ethan Winters
84%
Sherry Birkin
80%
Carlos Oliveira
78%
Grace Ashcroft
78%
Alex Wesker
76%
Nemesis
74%
Mia Winters
73%
Rebecca Chambers
72%
Ashley Graham
69%
Mr X
69%
William Birkin
69%
K
68%
Sheva Alomar
63%
Annette Birkin
60%
Bela Dimitrescu
60%
Daniela Dimitrescu
60%
Jack Baker
60%
Rose Winters
59%
Zoe Baker
59%
Cassandra Dimitrescu
58%
Hunk
57%
Mother Miranda
57%
Zeno
57%
Barry Burton
56%
Luis Sera
56%
Alcina Dimitrescu
55%
Ramon Salazar
55%
Heisenburg
53%
Joe Baker
53%
Lucas Baker
53%
Mikhail Victor
52%
Osmund Saddler
52%
Victor Gideon
52%
Jack Krauser
50%
Jake Muller
49%
Marvin Branagh
49%
Alyssa Ashcroft
47%
Emily
46%
Brian Irons
43%
Brad Vickers
42%
Billy Coen
41%
Ozwell E Spencer
41%
Bitores Mendez
39%
Donna Beneviento
39%
Merchant
39%
Ingrid Hunnigan
38%
Eveline
37%
Robert Kendo
36%
Salvatore Moreau
36%
Piers Nivans
35%
The Duke
34%
Nikolai Zinoviev
33%
Ben Bertolucci
31%
Marguerite baker
29%
Dan Dechant
27%
Helena Harper
27%
Moira Burton
26%
Steve Burnside
24%
Alexia Ashford
21%
Derek Simmons
21%
James Marcus
21%
Alfred Ashford
19%
Ark Thompson
19%
Excella Gionne
19%
Marie
19%
Tyrell Patrick
17%
Enrico Marini
16%
Forest Speyer
16%
Joseph Frost
16%
Josh Stone
16%
Edward dewey
15%
Natalia Korda
14%
Ricardo Irving
14%
Richard Aiken
14%
Deborah Harper
13%
Jessica Sherwat
13%
Kenneth Sullivan
13%
Mike
13%
Parker luciani
11%
Elena
10%
Mark Wilkins
10%
Carla Radames
9%
Kevin Ryman
9%
Claire R Obrian
8%
Kirk Mathison
8%
Murphy Seeker
8%
George Hamilton
7%
Jim Chapman
7%
Rachael Foley
7%
Raymond Vester
7%
Reynard Fisher
7%
Rodrigo Juan Raval
7%
Cindy Lennox
6%
David King
6%
Fongling
6%
Jack Norman
6%
Bruce Mcgivern
5%
Dave Johnson
5%
Doug
5%
Keith Lumley
5%
Quint Cetcham
5%
Vincent Goldman
5%
Yoko Suzuki
5%
Lily Klein
4%
Lucia
4%
Morpheus D Duvall
4%
Vector
4%
Andy Holland
3%
Lot Klein
3%
UT Commander
3%
3A7
2%
Christine Yamata
2%
Crispin Jettingham
2%
Hector Hivers
2%
Karena LesProux
2%
Michaela Schneider
2%
Vladimir Bodrovski
2%
Abraham Jackson
1%
Beatrice Bertrand
1%
Honker
1%
Morgan Landslide
1%
No matching quizzes found
Score Distribution
Percent of People with Each Score
Percentile by Number Answered
Your Score History
You have not taken this quiz since the last reset